[Event "MNT-chT"]
[Site "Herceg Novi"]
[Date "2025.05.05"]
[Round "6.18"]
[White "Sijaric, Alvir"]
[Black "Vujovic, Savo"]
[Result "0-1"]
[WhiteElo "1971"]
[BlackElo "2232"]
[PlyCount "80"]
[EventDate "2025.05.01"]
[EventType "team-tourn"]
[EventRounds "9"]
[EventCountry "MNE"]
[SourceTitle "CB20_2025"]
[SourceDate "2025.05.14"]
[SourceVersion "1"]
[SourceVersionDate "2025.05.14"]
[SourceQuality "1"]
[WhiteTeam "Prosvjeta"]
[BlackTeam "Crnogorac"]
[WhiteTeamCountry "MNE"]
[BlackTeamCountry "MNE"]

1. d4 Nf6 2. c4 g6 3. Nf3 Bg7 4. g3 0-0 5. Bg2 d6 6. 0-0 Bf5 7. Nc3 Ne4 8. Bd2 Nxd2 9. Qxd2 Nc6 10. Nh4 Bd7 11. d5 Na5 12. b3 c5 13. Rab1 a6 14. a4 Rb8 15. Qd3 Qe8 16. e4 b5 17. axb5 axb5 18. Rfe1 bxc4 19. bxc4 Rb4 20. Rxb4 cxb4 21. Nb1 Qc8 22. Bf1 Qc5 23. Nf3 Bc8 24. Kg2 Ba6 25. Nfd2 Qd4 26. Rc1 Rc8 27. Qc2 Bh6 28. Rd1 Qb6 29. f4 Bg7 30. Re1 b3 31. Qd1 Bxc4 32. Bxc4 Nxc4 33. Nxc4 Rxc4 34. e5 Rc2+ 35. Kh3 Qf2 36. Rh1 Qg2+ 37. Kh4 f5 38. Qf1 Qxf1 39. Rxf1 Rxh2+ 40. Kg5 Bh6# 0-1

[Event "MNT-chT"]
[Site "Herceg Novi"]
[Date "2025.05.03"]
[Round "4.12"]
[White "Sijaric, Alvir"]
[Black "Grbovic, Dino"]
[Result "0-1"]
[WhiteElo "1971"]
[BlackElo "1993"]
[PlyCount "94"]
[EventDate "2025.05.01"]
[EventType "team-tourn"]
[EventRounds "9"]
[EventCountry "MNE"]
[SourceTitle "CB20_2025"]
[SourceDate "2025.05.14"]
[SourceVersion "1"]
[SourceVersionDate "2025.05.14"]
[SourceQuality "1"]
[WhiteTeam "Prosvjeta"]
[BlackTeam "Omladinac Buducnost"]
[WhiteTeamCountry "MNE"]
[BlackTeamCountry "MNE"]

1. Nf3 Nf6 2. g3 d5 3. Bg2 g6 4. 0-0 Bg7 5. d4 c6 6. c4 dxc4 7. Nc3 0-0 8. a4 Na6 9. Ne5 Be6 10. a5 Nd7 11. Nf3 h6 12. h3 Nb4 13. Ra4 Nd5 14. e4 Nxc3 15. bxc3 b5 16. Ra1 Nb8 17. Qe2 Na6 18. Rd1 Qc8 19. Kh2 Rd8 20. Rb1 Rb8 21. Bf4 Rb7 22. Qd2 Kh7 23. g4 Nc5 24. Ne1 Nb3 25. Qe3 Rbd7 26. Nc2 Nxa5 27. Nb4 c5 28. Nc2 cxd4 29. cxd4 Rb7 30. d5 Bd7 31. e5 Be8 32. g5 h5 33. h4 Nb3 34. d6 Bc6 35. Bh3 e6 36. Nb4 Be8 37. Bg2 Rb6 38. Ra1 Nxa1 39. Rxa1 Rd7 40. Rxa7 Rxa7 41. Qxb6 Ra4 42. Bb7 Qb8 43. Qc7 Qa7 44. Kg2 Rxb4 45. Be3 Qa1 46. Bc6 c3 47. f4 Rb2+ 0-1

[Event "MNT-chT"]
[Site "Herceg Novi"]
[Date "2025.05.02"]
[Round "2.6"]
[White "Sijaric, Alvir"]
[Black "Scekic, Veljko"]
[Result "0-1"]
[WhiteElo "1971"]
[BlackElo "2203"]
[PlyCount "106"]
[EventDate "2025.05.01"]
[EventType "team-tourn"]
[EventRounds "9"]
[EventCountry "MNE"]
[SourceTitle "CB20_2025"]
[SourceDate "2025.05.14"]
[SourceVersion "1"]
[SourceVersionDate "2025.05.14"]
[SourceQuality "1"]
[WhiteTeam "Prosvjeta"]
[BlackTeam "Buducnost"]
[WhiteTeamCountry "MNE"]
[BlackTeamCountry "MNE"]

1. d4 Nf6 2. Nf3 e6 3. c4 b6 4. g3 Bb7 5. Bg2 Bb4+ 6. Bd2 Be7 7. Nc3 Ne4 8. d5 Nxd2 9. Qxd2 d6 10. Nd4 e5 11. Nf5 g6 12. Nxe7 Qxe7 13. Qh6 Nd7 14. Nb5 Nf6 15. Qh4 Ng8 16. Qxe7+ Kxe7 17. f4 a6 18. Nc3 exf4 19. gxf4 Nf6 20. e4 Nh5 21. 0-0 Rae8 22. e5 Kd8 23. Rae1 Bc8 24. Ne4 Bf5 25. exd6 Bxe4 26. dxc7+ Kxc7 27. Rxe4 Rxe4 28. Bxe4 Re8 29. Bb1 f5 30. Kg2 Re2+ 31. Rf2 Nxf4+ 32. Kf3 Rxf2+ 33. Kxf2 Kd6 34. Ke3 Ke5 35. Bd3 a5 36. Bf1 Nh5 37. b3 Nf6 38. Be2 g5 39. a3 f4+ 40. Kf2 g4 41. Bd3 h5 42. b4 axb4 43. axb4 Kd4 44. Bf5 Ke5 45. Be6 Ne4+ 46. Ke2 Kd4 47. c5 f3+ 48. Kd1 bxc5 49. bxc5 Kxc5 50. Bf7 h4 51. Ke1 g3 52. hxg3 hxg3 53. Kf1 Nd2+ 0-1

[Event "Cetinje Dragasevic Memorial"]
[Site "Cetinje"]
[Date "2024.06.24"]
[Round "4"]
[White "Ramaj, Ergit"]
[Black "Sijaric, Alvir"]
[Result "1/2-1/2"]
[WhiteElo "2128"]
[BlackElo "1926"]
[PlyCount "31"]
[EventDate "2024.06.22"]
[EventType "swiss"]
[EventRounds "9"]
[EventCountry "MNE"]
[SourceTitle "CBM 220 Extra"]
[Source "ChessBase"]
[SourceDate "2024.07.31"]
[SourceVersion "1"]
[SourceVersionDate "2024.07.31"]
[SourceQuality "1"]

1. e4 c6 2. d4 d5 3. e5 Bf5 4. Nf3 e6 5. Be2 c5 6. Be3 Qb6 7. Nc3 Nc6 8. 0-0 Qxb2 9. Qe1 Bxc2 10. dxc5 Qb4 11. a3 Qa5 12. Nd4 Nxd4 13. Bxd4 Ne7 14. Qc1 Nc6 15. Bb5 Bd3 16. Qb2 1/2-1/2